| 000 | 01046nam a2200241 i 4500 | ||
|---|---|---|---|
| 001 | 17765 | ||
| 003 | ES-MaACL | ||
| 005 | 20251008063045.0 | ||
| 007 | t| | ||
| 008 | 010521s1902 sp |||| | spa d | ||
| 080 | _a355.1(460) | ||
| 100 | 0 |
_aRuiz de Grijalba y López Falcón, Alfonso, _cMarqués de Grijalba _9100744 |
|
| 245 | 1 | 3 |
_aEl matrimonio de los militares _b: discurso pronunciado en el Ateneo de Madrid la noche del 15 de enero de 1902 acerca del Real Decreto de 27 de diciembre de 1901 / _cpor Alfonso Ruiz. |
| 260 |
_aMadrid : _bRomo y Füsse, _c1902 ( _fImp. del Asilo de Huérfanos del S.C. de Jesús) |
||
| 300 |
_a30 p. ; _c19 cm. |
||
| 610 | 2 | 4 |
_aAteneo de Madrid- _vConferencias- _y1900-1939 _91907 |
| 610 | 2 | 4 |
_aAteneo de Madrid- _vObras digitalizadas. _91930 |
| 650 | 1 | 4 |
_aFuerzas armadas- _zEspaña. _912998 |
| 710 | 2 |
_aAteneo de Madrid. _91875 |
|
| 852 |
_aES-MaACL _jT-1004-F-2 |
||
| 856 |
_uhttp://www.ateneodemadrid.com/biblioteca_digital/folletos/Folletos-0212.pdf _zVer documento |
||
| 999 |
_c17765 _d17765 |
||